000 01065nam a22002777a 4500
999 _c21644
_d21644
003 AR-CdUCM
008 190425b ||||| |||| 00| 0 spa d
020 _a9786123182106
040 _aMUNICIPALIDAD PROVINCIAL DEL CUSCO
_cBIBLIOTECA MUNICIPAL DEL CUSCO
082 _a759.985/V66
_bV66
100 _aVillanueva Ccahuana, Philarine
_945644
245 _aJorge Vinatea Reinoso :
_buna propuesta indigenista en su lenguaje pictórico /
_cPhilarine Villanueva Ccahuana
260 _aLima ;
_bUniversidad Peruana de Ciencias Aplicadas,
_c2019.
300 _a97 páginas. :
_bilustraciones en color ;
_c29 cm.
505 _aContenido: Su obra y sus críticos -- Estudio de su lenguaje -- Propuesta de su indigenismo.
650 _aVinatea Reinoso, Jorge
_945645
650 _aPintura
_93081
650 _aPintores
_96624
650 _aCrítica de arte
_915801
650 _aHistoria del arte
_91647
650 _aSiglo XX
_945646
650 _aPerú
_945647
710 _aUniversidad Peruana de Ciencias Aplicadas
_945331
942 _2ddc
_cLIBROS
945 _aRoel